000 00531nam a22001817a 4500
999 _c526704
_d526704
003 NUST
020 _qHBK
038 _aFaiza
082 _a891.421
_bFAR
100 _aFarooq, Riaz
_915067
245 _aSik Safareen ty /
_cRiaz Farooq
260 _aBalochistan :
_bFive Stars print ad,
_c2009.
300 _a144 p. ;
880 _6100-01\r
_aریاض فاروق
880 _6245-02\r
_aسِک سَفریں تے /
880 _6260-03\r
_aبلوچستان :
_bفائیو سٹارز پرنٹ ایڈ,
_c۲۰۰۹.
942 _2ddc
_cBK